| 000 | 01140nam a2200265Ia 4500 | ||
|---|---|---|---|
| 003 | GCL | ||
| 008 | 140319s9999 xx 000 0 ara d | ||
| 020 | _a507918977 | ||
| 040 |
_aGCL / _cGCL |
||
| 082 | 0 | 4 |
_a923.1 _bع س |
| 100 | 1 | _aالعينى : بدرالدين ابو محمد محمود بن احمد بن موسى بن احمد | |
| 245 | 1 | 0 |
_aالسيف المهند فى سيرة الملك المؤيد( شيخ المحمودى ) / _cالعينى : بدرالدين ابو محمد محمود بن احمد بن موسى بن احمد |
| 700 | 1 | _aمحمد مصطفى زيادة | |
| 700 | 1 | _aمحمد مصطفى زيادة | |
| 700 | 1 | _aفهيم محمد علوى شلتون | |
| 700 | 1 | _aفهيم محمد علوى شلتون | |
| 250 | _aالثانية | ||
| 260 |
_aالقاهرة : _bدار الكتب المصرية ، _c1998 |
||
| 300 |
_a427 ص ؛ _c28 سم |
||
| 490 |
_aالمكتبة العربية للتراث _v0 |
||
| 650 | 0 | 4 | _aدولة المماليك |
| 650 | 0 | 4 | _aالمماليك الجراكسة |
| 650 | 0 | 4 | _aمصر - تاريخ - عصر المماليك ( 1250-1517 م ) |
| 942 |
_2ddc _cBK |
||
| 999 |
_c51916 _d51916 |
||